[Event "2019 US Open Invitationals (Denker, Barber, Haring, Senior)"]
[Site "Orlando, United States"]
[Date "2019.08.03"]
[Round "1.10"]
[White "Xing, amy"]
[Black "Samadashvili, Martha"]
[Result "0-1"]
[WhiteElo "1661"]
[BlackElo "2270"]

1. e4 {[%clk 01:30:30]} {[%emt 02:20:21]} c5 {[%clk 01:30:23]} {[%emt
00:03:38]} 2. Nf3 {[%clk 01:30:47]} {[%emt 00:00:05]} e6 {[%clk 01:30:48]}
{[%emt 00:00:08]} 3. d4 {[%clk 01:30:55]} {[%emt 00:00:18]} cxd4 {[%clk
01:31:12]} {[%emt 00:00:10]} 4. Nxd4 {[%clk 01:31:18]} {[%emt 00:00:16]} Nc6
{[%clk 01:31:38]} 5. Nc3 {[%clk 01:31:23]} {[%emt 00:00:14]} Qc7 {[%clk
01:32:01]} {[%emt 00:00:13]} 6. Be3 {[%clk 01:31:03]} {[%emt 00:00:44]} a6
{[%clk 01:32:25]} {[%emt 00:00:39]} 7. f4 {[%clk 01:28:06]} {[%emt 00:02:56]}
b5 {[%clk 01:29:47]} {[%emt 00:03:07]} 8. Qd2 {[%clk 01:19:08]} {[%emt
00:09:27]} Bb7 {[%clk 01:20:30]} {[%emt 00:09:47]} 9. Bd3 {[%clk 01:16:55]}
{[%emt 00:02:50]} d6 {[%clk 01:16:58]} {[%emt 00:03:57]} 10. O-O {[%clk
01:15:09]} {[%emt 00:02:13]} Nf6 {[%clk 01:17:06]} {[%emt 00:00:33]} 11. a3
{[%clk 01:06:20]} {[%emt 00:09:12]} Ng4 {[%clk 01:11:19]} {[%emt 00:06:23]} 12.
Rae1 {[%clk 00:59:32]} {[%emt 00:07:11]} Be7 {[%clk 01:05:33]} {[%emt
00:06:25]} 13. Qe2 {[%clk 00:47:20]} {[%emt 00:12:54]} Nxe3 {[%clk 01:03:52]}
{[%emt 00:02:12]} 14. Qxe3 {[%clk 00:47:18]} {[%emt 00:00:09]} Nxd4 {[%clk
01:00:23]} {[%emt 00:03:58]} 15. Qxd4 {[%clk 00:46:53]} {[%emt 00:01:02]} O-O
{[%clk 01:00:44]} {[%emt 00:00:06]} 16. Kh1 {[%clk 00:42:19]} {[%emt 00:05:01]}
Rad8 {[%clk 00:32:37]} {[%emt 00:28:44]} 17. Qf2 {[%clk 00:36:47]} {[%emt
00:05:56]} Bf6 {[%clk 00:30:21]} {[%emt 00:02:45]} 18. Nd1 {[%clk 00:31:22]}
{[%emt 00:06:01]} Qc5 {[%clk 00:27:10]} {[%emt 00:03:41]} 19. Qf3 {[%clk
00:23:40]} {[%emt 00:08:09]} g6 {[%clk 00:24:19]} {[%emt 00:03:17]} 20. Qg3
{[%clk 00:18:27]} {[%emt 00:05:42]} Qh5 {[%clk 00:21:38]} {[%emt 00:03:36]} 21.
Re3 {[%clk 00:15:20]} {[%emt 00:03:16]} Bd4 {[%clk 00:16:33]} {[%emt 00:06:06]}
22. Ree1 {[%clk 00:12:34]} {[%emt 00:02:43]} Kh8 {[%clk 00:11:34]} {[%emt
00:05:37]} 23. c3 {[%clk 00:09:46]} {[%emt 00:03:15]} Bf6 {[%clk 00:09:47]}
{[%emt 00:02:28]} 24. Qe3 {[%clk 00:08:58]} {[%emt 00:01:00]} Qc5 {[%clk
00:09:20]} {[%emt 00:00:58]} 25. Qh3 {[%clk 00:08:42]} {[%emt 00:00:44]} d5
{[%clk 00:07:13]} {[%emt 00:02:41]} 26. f5 {[%clk 00:03:38]} {[%emt 00:05:34]}
dxe4 {[%clk 00:04:53]} {[%emt 00:02:50]} 27. fxg6 {[%clk 00:03:58]} {[%emt
00:00:08]} fxg6 {[%clk 00:05:20]} {[%emt 00:00:05]} 28. Bxe4 {[%clk 00:04:21]}
{[%emt 00:00:33]} Bxe4 {[%clk 00:05:12]} {[%emt 00:00:10]} 29. Rxe4 {[%clk
00:04:38]} {[%emt 00:00:21]} Bg7 {[%clk 00:05:18]} {[%emt 00:00:21]} 30. Ree1
{[%clk 00:03:54]} {[%emt 00:01:08]} Rxf1+ {[%clk 00:04:26]} {[%emt 00:01:41]}
31. Rxf1 {[%clk 00:04:23]} Qc4 {[%clk 00:04:13]} {[%emt 00:00:25]} 32. Re1
{[%clk 00:03:27]} {[%emt 00:01:27]} Qe2 {[%clk 00:03:41]} {[%emt 00:01:03]} 33.
Qe3 {[%clk 00:00:45]} {[%emt 00:03:34]} Qxd1 {[%clk 00:04:06]} {[%emt
00:00:03]} 0-1

[Event "2019 US Open Invitationals (Denker, Barber, Haring, Senior)"]
[Site "Orlando, United States"]
[Date "2019.08.03"]
[Round "1.11"]
[White "Sevilla, Julia"]
[Black "Low, Beatrice"]
[Result "0-1"]
[WhiteElo "2103"]
[BlackElo "1648"]

1. d4 {[%clk 01:27:10]} Nf6 {[%clk 01:30:28]} {[%emt 00:00:05]} 2. c4 {[%clk
01:26:48]} {[%emt 00:00:48]} g6 {[%clk 01:30:55]} {[%emt 00:00:11]} 3. Nf3
{[%clk 01:26:47]} {[%emt 00:00:47]} Bg7 {[%clk 01:31:16]} 4. g3 {[%clk
01:27:11]} O-O {[%clk 01:31:41]} {[%emt 00:00:10]} 5. Bg2 {[%clk 01:27:39]} d5
{[%clk 01:32:00]} 6. O-O {[%clk 01:28:03]} {[%emt 00:00:08]} c5 {[%clk
01:30:59]} {[%emt 00:01:30]} 7. cxd5 {[%clk 01:25:07]} {[%emt 00:03:39]} cxd4
{[%clk 01:28:49]} {[%emt 00:02:47]} 8. Nxd4 {[%clk 01:12:22]} {[%emt 00:12:52]}
Nxd5 {[%clk 01:27:02]} {[%emt 00:02:19]} 9. Nc3 {[%clk 01:06:12]} {[%emt
00:06:38]} Nxc3 {[%clk 01:24:23]} {[%emt 00:03:08]} 10. bxc3 {[%clk 01:06:39]}
{[%emt 00:00:46]} Nd7 {[%clk 01:21:53]} {[%emt 00:02:17]} 11. Ba3 {[%clk
01:01:30]} {[%emt 00:05:40]} Re8 {[%clk 01:21:00]} {[%emt 00:01:24]} 12. Rb1
{[%clk 00:59:51]} {[%emt 00:02:10]} Nb6 {[%clk 01:18:42]} {[%emt 00:02:45]} 13.
Nb5 {[%clk 00:56:16]} {[%emt 00:04:08]} Nc4 {[%clk 01:04:21]} {[%emt 00:15:29]}
14. Qxd8 {[%clk 00:41:12]} {[%emt 00:14:53]} Rxd8 {[%clk 01:04:46]} {[%emt
00:00:25]} 15. Bxe7 {[%clk 00:41:37]} Re8 {[%clk 00:57:23]} {[%emt 00:07:37]}
16. Bg5 {[%clk 00:41:34]} {[%emt 00:00:33]} Rxe2 {[%clk 00:55:37]} {[%emt
00:02:16]} 17. Rfe1 {[%clk 00:27:25]} {[%emt 00:14:40]} Rxe1+ {[%clk 00:53:31]}
{[%emt 00:02:36]} 18. Rxe1 {[%clk 00:27:53]} {[%emt 00:00:20]} Bd7 {[%clk
00:52:07]} {[%emt 00:01:35]} 19. Nd4 {[%clk 00:28:19]} {[%emt 00:00:22]} Rb8
{[%clk 00:47:12]} {[%emt 00:05:07]} 20. Bf4 {[%clk 00:22:29]} {[%emt 00:06:20]}
Rd8 {[%clk 00:45:54]} {[%emt 00:01:48]} 21. Bxb7 {[%clk 00:21:02]} {[%emt
00:02:03]} Bxd4 {[%clk 00:44:33]} {[%emt 00:01:51]} 22. cxd4 {[%clk 00:21:30]}
{[%emt 00:00:17]} Be6 {[%clk 00:44:48]} {[%emt 00:00:07]} 23. Rd1 {[%clk
00:16:49]} {[%emt 00:05:00]} Nb2 {[%clk 00:34:51]} {[%emt 00:10:24]} 24. Rb1
{[%clk 00:13:59]} {[%emt 00:03:22]} Nd3 {[%clk 00:35:01]} {[%emt 00:00:27]} 25.
Be3 {[%clk 00:07:17]} {[%emt 00:07:04]} Rb8 {[%clk 00:32:51]} {[%emt 00:02:38]}
26. Kf1 {[%clk 00:01:20]} {[%emt 00:06:31]} Bc4 {[%clk 00:29:44]} {[%emt
00:03:35]} 27. d5 {[%clk 00:01:03]} {[%emt 00:00:53]} Rxb7 {[%clk 00:29:23]}
{[%emt 00:00:45]} 28. Ra1 {[%clk 00:00:50]} {[%emt 00:00:48]} Ne5+ {[%clk
00:29:28]} {[%emt 00:00:19]} 29. Kg1 {[%clk 00:01:03]} {[%emt 00:00:42]} Bxd5
{[%clk 00:29:43]} 30. Rd1 {[%clk 00:00:42]} {[%emt 00:00:47]} Rd7 {[%clk
00:28:55]} {[%emt 00:01:11]} 31. f4 {[%clk 00:01:00]} {[%emt 00:00:15]} Nc4
{[%clk 00:28:52]} {[%emt 00:00:29]} 32. Bc1 {[%clk 00:01:01]} {[%emt 00:00:33]}
Be6 {[%clk 00:29:01]} {[%emt 00:00:45]} 33. Re1 {[%clk 00:01:23]} Nb6 {[%clk
00:29:04]} {[%emt 00:00:07]} 34. Be3 {[%clk 00:01:20]} {[%emt 00:00:33]} Bxa2
{[%clk 00:29:13]} {[%emt 00:00:35]} 35. g4 {[%clk 00:01:39]} {[%emt 00:00:03]}
Be6 {[%clk 00:29:30]} {[%emt 00:00:07]} 36. h3 {[%clk 00:01:49]} {[%emt
00:00:34]} Nd5 {[%clk 00:29:47]} {[%emt 00:00:04]} 37. Bc1 {[%clk 00:01:50]}
{[%emt 00:00:24]} Nc3 {[%clk 00:30:06]} {[%emt 00:00:19]} 38. Bb2 {[%clk
00:01:37]} {[%emt 00:00:36]} Na4 {[%clk 00:29:55]} {[%emt 00:00:41]} 39. Bf6
{[%clk 00:01:29]} {[%emt 00:00:40]} Rb7 {[%clk 00:27:27]} {[%emt 00:02:55]} 40.
f5 {[%clk 00:00:55]} {[%emt 00:01:04]} Bd7 {[%clk 00:25:38]} {[%emt 00:02:22]}
41. fxg6 {[%clk 00:00:55]} {[%emt 00:00:27]} fxg6 {[%clk 00:25:55]} {[%emt
00:00:15]} 42. Re7 {[%clk 00:01:02]} {[%emt 00:00:30]} Bc6 {[%clk 00:26:15]}
{[%emt 00:00:03]} 43. Re6 {[%clk 00:01:08]} {[%emt 00:00:23]} Bd5 {[%clk
00:26:02]} {[%emt 00:00:42]} 44. Rd6 {[%clk 00:01:28]} {[%emt 00:00:32]} Bc4
{[%clk 00:24:10]} {[%emt 00:02:00]} 45. g5 {[%clk 00:01:36]} {[%emt 00:00:25]}
Rb1+ {[%clk 00:24:20]} {[%emt 00:00:16]} 46. Kf2 {[%clk 00:01:50]} {[%emt
00:00:22]} Rb8 {[%clk 00:24:23]} {[%emt 00:00:24]} 47. Rd7 {[%clk 00:02:01]}
{[%emt 00:00:25]} Bf7 {[%clk 00:24:03]} {[%emt 00:00:45]} 48. Rxa7 {[%clk
00:01:58]} {[%emt 00:00:30]} Nc5 {[%clk 00:24:19]} {[%emt 00:00:36]} 49. Kg2
{[%clk 00:02:21]} {[%emt 00:00:04]} Re8 {[%clk 00:24:22]} {[%emt 00:00:06]} 50.
Be7 {[%clk 00:02:19]} {[%emt 00:00:34]} Bd5+ {[%clk 00:24:17]} {[%emt
00:00:34]} 51. Kh2 {[%clk 00:02:13]} {[%emt 00:00:41]} Nb7 {[%clk 00:23:15]}
{[%emt 00:01:27]} 52. Bf6 {[%clk 00:02:39]} {[%emt 00:00:06]} Re2+ {[%clk
00:23:06]} {[%emt 00:00:38]} 53. Kg3 {[%clk 00:03:08]} {[%emt 00:00:03]} Ra2
{[%clk 00:23:24]} {[%emt 00:00:08]} 54. Rxa2 {[%clk 00:01:43]} {[%emt
00:02:20]} Bxa2 {[%clk 00:23:51]} {[%emt 00:00:04]} 55. Kf4 {[%clk 00:01:37]}
{[%emt 00:00:11]} Kf7 {[%clk 00:23:46]} {[%emt 00:00:37]} 56. h4 {[%clk
00:01:17]} {[%emt 00:00:50]} Ke6 {[%clk 00:23:57]} {[%emt 00:00:17]} 57. Bd4
{[%clk 00:01:15]} {[%emt 00:00:42]} Nd6 {[%clk 00:23:53]} {[%emt 00:00:24]} 58.
Bf2 {[%clk 00:01:23]} {[%emt 00:00:34]} Nf5 {[%clk 00:23:28]} {[%emt 00:00:43]}
59. Be1 {[%clk 00:01:33]} {[%emt 00:00:20]} Kd5 {[%clk 00:23:36]} {[%emt
00:00:22]} 60. Bf2 {[%clk 00:01:33]} {[%emt 00:00:36]} Bb3 {[%clk 00:23:59]}
{[%emt 00:00:03]} 61. h5 {[%clk 00:00:59]} {[%emt 00:01:04]} Bc2 {[%clk
00:22:49]} {[%emt 00:01:37]} 62. hxg6 {[%clk 00:00:59]} {[%emt 00:00:41]} hxg6
{[%clk 00:23:16]} 63. Be1 {[%clk 00:01:03]} {[%emt 00:00:19]} Kd4 {[%clk
00:22:24]} {[%emt 00:01:21]} 64. Bf2+ {[%clk 00:01:12]} {[%emt 00:00:27]} Kd3
{[%clk 00:22:31]} {[%emt 00:00:19]} 65. Bc5 {[%clk 00:00:48]} {[%emt 00:01:05]}
Nd4 {[%clk 00:21:09]} {[%emt 00:01:38]} 66. Be7 {[%clk 00:00:56]} {[%emt
00:00:27]} Nc6 {[%clk 00:21:08]} {[%emt 00:00:28]} 67. Bf6 {[%clk 00:01:14]}
{[%emt 00:00:24]} Kc4 {[%clk 00:21:30]} 68. Kg4 {[%clk 00:01:08]} {[%emt
00:00:31]} Kd5 {[%clk 00:21:47]} {[%emt 00:00:13]} 69. Kf4 {[%clk 00:01:28]}
{[%emt 00:00:30]} Nd4 {[%clk 00:21:53]} {[%emt 00:00:06]} 70. Be7 {[%clk
00:01:41]} {[%emt 00:00:15]} Ne6+ {[%clk 00:22:06]} {[%emt 00:00:19]} 71. Kf3
{[%clk 00:01:34]} {[%emt 00:00:36]} Ke5 {[%clk 00:22:19]} {[%emt 00:00:35]} 72.
Kg4 {[%clk 00:01:42]} {[%emt 00:00:10]} Bd1+ {[%clk 00:22:24]} {[%emt
00:00:17]} 73. Kh4 {[%clk 00:01:54]} {[%emt 00:00:35]} Kf4 {[%clk 00:22:15]}
{[%emt 00:00:21]} 74. Bd6+ {[%clk 00:01:36]} {[%emt 00:00:53]} Kf5 {[%clk
00:22:24]} {[%emt 00:00:20]} 75. Be7 {[%clk 00:01:51]} {[%emt 00:00:12]} Bg4
{[%clk 00:22:46]} {[%emt 00:00:20]} 76. Bf6 {[%clk 00:02:12]} Kf4 {[%clk
00:22:42]} {[%emt 00:00:31]} 77. Be7 {[%clk 00:01:48]} {[%emt 00:00:55]} Ng7
{[%clk 00:22:50]} {[%emt 00:00:21]} 78. Bd6+ {[%clk 00:02:11]} {[%emt
00:00:20]} Kf3 {[%emt 00:00:29]} 0-1

[Event "2019 US Open Invitationals (Denker, Barber, Haring, Senior)"]
[Site "Orlando, United States"]
[Date "2019.08.03"]
[Round "1.12"]
[White "Lee, Jacinda"]
[Black "Konovalenko, Sasha"]
[Result "0-1"]
[WhiteElo "1640"]
[BlackElo "2102"]

1. d4 {[%clk 01:30:28]} d5 {[%clk 01:30:26]} 2. c4 {[%clk 01:30:52]} {[%emt
00:00:09]} e6 {[%clk 01:30:53]} {[%emt 00:00:03]} 3. Nc3 {[%clk 01:31:17]} Nf6
{[%clk 01:31:17]} {[%emt 00:00:04]} 4. Nf3 {[%clk 01:31:41]} {[%emt 00:00:07]}
c5 {[%clk 01:29:08]} {[%emt 00:02:36]} 5. e3 {[%clk 01:31:04]} {[%emt
00:01:06]} Nc6 {[%clk 01:29:07]} {[%emt 00:00:37]} 6. Bd3 {[%clk 01:30:26]}
{[%emt 00:01:04]} Be7 {[%clk 01:28:56]} {[%emt 00:00:40]} 7. O-O {[%clk
01:29:56]} {[%emt 00:01:26]} O-O {[%clk 01:28:39]} {[%emt 00:00:20]} 8. b3
{[%clk 01:28:02]} {[%emt 00:02:42]} b6 {[%clk 01:19:24]} {[%emt 00:09:28]} 9.
Bb2 {[%clk 01:27:06]} {[%emt 00:01:26]} Bb7 {[%clk 01:13:50]} {[%emt 00:06:06]}
10. Rc1 {[%clk 01:25:11]} {[%emt 00:02:24]} cxd4 {[%clk 01:08:33]} {[%emt
00:05:46]} 11. exd4 {[%clk 01:19:58]} {[%emt 00:05:43]} Rc8 {[%clk 01:06:16]}
{[%emt 00:02:47]} 12. cxd5 {[%clk 01:16:24]} {[%emt 00:04:03]} Nxd5 {[%clk
01:04:37]} {[%emt 00:02:09]} 13. Nxd5 {[%clk 01:16:10]} {[%emt 00:00:45]} Qxd5
{[%clk 00:50:08]} {[%emt 00:15:22]} 14. Re1 {[%clk 01:11:51]} {[%emt 00:04:29]}
Bf6 {[%clk 00:47:23]} {[%emt 00:03:28]} 15. Bb1 {[%clk 01:08:00]} {[%emt
00:04:08]} Rfd8 {[%clk 00:41:52]} {[%emt 00:06:14]} 16. Qd3 {[%clk 00:57:02]}
{[%emt 00:11:11]} g6 {[%clk 00:41:03]} {[%emt 00:01:21]} 17. Rcd1 {[%clk
00:55:38]} {[%emt 00:01:53]} Bg7 {[%clk 00:35:09]} {[%emt 00:06:27]} 18. Qe2
{[%clk 00:48:53]} {[%emt 00:07:18]} Ne7 {[%clk 00:30:49]} {[%emt 00:04:43]} 19.
Be4 {[%clk 00:40:28]} {[%emt 00:08:55]} Qxe4 {[%clk 00:28:27]} {[%emt
00:03:09]} 20. Qxe4 {[%clk 00:40:47]} {[%emt 00:00:09]} Bxe4 {[%clk 00:28:52]}
21. Rxe4 {[%clk 00:41:09]} {[%emt 00:00:04]} Rc2 {[%clk 00:27:09]} {[%emt
00:02:42]} 22. Rd2 {[%clk 00:39:59]} {[%emt 00:01:08]} Rxd2 {[%clk 00:27:14]}
{[%emt 00:00:21]} 23. Nxd2 {[%clk 00:40:22]} {[%emt 00:00:45]} Rc8 {[%clk
00:22:45]} {[%emt 00:04:23]} 24. Nc4 {[%clk 00:37:52]} {[%emt 00:02:58]} Nc6
{[%clk 00:21:00]} {[%emt 00:02:16]} 25. Ne3 {[%clk 00:31:50]} {[%emt 00:06:31]}
Nb4 {[%clk 00:18:23]} {[%emt 00:03:07]} 26. a4 {[%clk 00:30:58]} {[%emt
00:01:21]} Bf8 {[%clk 00:12:27]} {[%emt 00:06:29]} 27. Nc4 {[%clk 00:27:48]}
{[%emt 00:03:58]} a6 {[%clk 00:06:25]} {[%emt 00:06:12]} 28. Re2 {[%clk
00:16:14]} {[%emt 00:12:07]} b5 {[%clk 00:06:05]} {[%emt 00:00:47]} 29. axb5
{[%clk 00:16:22]} {[%emt 00:00:22]} axb5 {[%clk 00:06:29]} {[%emt 00:00:08]} 30.
Ne5 {[%clk 00:13:31]} {[%emt 00:03:19]} Bd6 {[%clk 00:04:00]} {[%emt 00:03:04]}
31. Rd2 {[%clk 00:10:47]} {[%emt 00:03:30]} f6 {[%clk 00:03:14]} {[%emt
00:00:55]} 32. Ng4 {[%clk 00:10:45]} {[%emt 00:00:32]} Kf7 {[%clk 00:02:25]}
{[%emt 00:01:18]} 33. g3 {[%clk 00:10:33]} {[%emt 00:00:42]} h5 {[%clk
00:02:33]} {[%emt 00:00:35]} 34. Ne3 {[%clk 00:09:35]} {[%emt 00:01:16]} Be7
{[%clk 00:02:16]} {[%emt 00:00:48]} 35. Kg2 {[%clk 00:08:49]} {[%emt 00:01:23]}
Rd8 {[%clk 00:02:33]} {[%emt 00:00:05]} 36. Bc3 {[%clk 00:08:01]} {[%emt
00:01:19]} Nd5 {[%clk 00:01:46]} {[%emt 00:01:26]} 37. Nxd5 {[%clk 00:07:15]}
{[%emt 00:01:09]} Rxd5 {[%clk 00:02:09]} {[%emt 00:00:07]} 38. Ra2 {[%clk
00:07:28]} {[%emt 00:00:14]} Rd7 {[%clk 00:02:26]} {[%emt 00:00:13]} 39. Kf3
{[%clk 00:06:45]} {[%emt 00:01:15]} Rc7 {[%clk 00:02:50]} {[%emt 00:00:08]} 40.
Bd2 {[%clk 00:06:57]} {[%emt 00:00:16]} g5 {[%clk 00:02:16]} {[%emt 00:01:04]}
41. h3 {[%clk 00:06:36]} {[%emt 00:00:48]} f5 {[%clk 00:01:41]} {[%emt
00:01:06]} 42. g4 {[%clk 00:04:48]} {[%emt 00:02:17]} fxg4+ {[%clk 00:01:10]}
{[%emt 00:01:02]} 43. hxg4 {[%clk 00:05:15]} {[%emt 00:00:04]} h4 {[%clk
00:01:31]} {[%emt 00:00:09]} 44. Kg2 {[%clk 00:03:33]} {[%emt 00:02:11]} Rd7
{[%clk 00:01:46]} {[%emt 00:00:16]} 45. Be3 {[%clk 00:02:25]} {[%emt 00:01:37]}
Bf6 {[%clk 00:01:44]} {[%emt 00:00:32]} 46. Rd2 {[%clk 00:02:38]} {[%emt
00:00:21]} Rd5 {[%clk 00:01:34]} {[%emt 00:00:36]} 47. Rc2 {[%clk 00:01:28]}
{[%emt 00:01:40]} Bxd4 {[%clk 00:01:32]} {[%emt 00:00:32]} 48. Rc7+ {[%clk
00:00:34]} {[%emt 00:01:26]} Kf6 {[%clk 00:01:49]} {[%emt 00:00:14]} 49. Bd2
{[%emt 00:01:02]} 0-1